Statistiques concernant Focus sur: Amaranth Brandebouc - Tolkien

Cliquez ici pour prendre le quiz!

Statistiques générales

  • Ce quiz a été pris 5 fois
  • Le résultat moyen est 6 sur 15

Statistiques - réponses

Informations recherchéesRéponses% Correct
VilleChâteau-Brande
100%
ContréeComté
100%
EspèceHobbit
100%
Age durant lequel elle vécutTroisième
100%
Autre traduction du prénomAmaranthe
50%
Première mentionLe Seigneur des Anneaux: La Communauté de l'Anneau
50%
MèreMirabella Touque
50%
SoeursAsphodèle
0%
Autre traduction du nomBrandibouc
0%
Dinodas
0%
Dodinas
0%
PèreGorbadoc Brandebouc
0%
Primula
0%
FrèresRorimac
0%
Saradas
0%

Distribution des résultats

Percentile par nombre de réponses

% des personnes avec chaque résultat

Votre développement - résultats

Vous n’avez pas pris ce quiz